| 000 | 00000nas##2200000za#4500 |
| 001 | 9.512000 |
| 003 | CaOODSP |
| 005 | 20211126112842 |
| 007 | ta |
| 008 | 150406c1994||||xxc|| p #||||f| |0eng|d |
| 022 | |a1914-5691 |
| 040 | |aCaOODSP|beng |
| 041 | |aeng |
| 041 | |afre |
| 043 | |an-cn--- |
| 086 | 1 |aFB1 |
| 110 | 2 |aBank of Canada. |
| 245 | 10|aBank of Canada annual report |
| 260 | |aOttawa - Ontario : |bBank of Canada |
| 310 | |aAnnual |
| 362 | 1 |a1994-- |
| 520 | 3 |aContains the Bank’s financial statements and an overview of the Bank’s activities during the year. This report describes the efforts of Canada’s central bank to curb and stabilize inflation; safeguard Canada’s currency; maintain a stable financial system; and manage Canada’s foreign exchange reserves and public debt. It also sets out the Bank’s mandate and corporate organization. |
| 563 | |aSoftcover |
| 690 | 07|aBanks|2gcpds |
| 690 | 07|aFederal institutions|2gcpds |
| 690 | 07|aMonetary policy|2gcpds |
| 776 | 0#|tAnnual report |w(CaOODSP)9.506008 |
| 792 | |tBanque du Canada, rapport annuel |efre|w(CaOODSP)9.512001 |